Guess The American Brands! #5 - Statistics

General Stats
  • This quiz has been taken 57 times
  • The average score is 15 of 20
Answer Stats
Picture Answer % Correct
Dunkin Donuts
100%
Jeep
100%
KFC
100%
GAP
90%
Gmail
90%
Nickelodeon
88%
Bluetooth
87%
FBI
87%
Internet Explorer
85%
Linkedin
85%
Kodak
81%
Paramount
81%
Dr Pepper
79%
Adobe
73%
Firestone
69%
Verizon
67%
Spearmint
54%
Dunlop
52%
XEROX
46%
Blogger
29%
No matching quizzes found
Score Distribution
Percent of People with Each Score
Percentile by Number Answered
Your Score History
You have not taken this quiz